00271nam a22000977a 4500008004100000082001500041100002600056245005100082260003200133300000800165230626b xxu||||| |||| 00| 0 eng d a332.1bCBK cCentral Bank of Kenya aQuarterly Statistical BulletinbSeptember 1996 bCentral Bank of Kenyac1996 a57p